00329nam a2200121Ia 4500008004100000041000800041082001400049100001700063245004400080260004800124300002400172365001100196240624s9999 xx 000 0 und d aeng a658.4 MUL aMULLINS JOHN aGETTING TO PLAN B BREAKING THROUGH TO A c2009aBostonbHarvard Business School Press a249 : p. : cm. ; 24 cRSb30